000 00330nam a2200133Ia 4500
008 150301s2009 xx 000 0 und d
082 _a610.7
_bN10P
100 _aPARKER, MARILYN
245 _aNURSING THEORIES AND NURSING PRACTICE
260 _bFA. DAVIS.
_c2009
300 _a477
650 _aNURSING PRACTICE
942 _2ddc
_cBK
999 _c6865
_d6865